书目信息 |
| 题名: |
中小学实验教学指导与创新案例
|
|
| 作者: | 李伏刚 , 李孟 主编 ;中国教育装备行业协会 编 | |
| 分册: | 初中化学 | |
| 出版信息: | 北京 教育科学出版社 2024 |
|
| 页数: | 259页 | |
| 开本: | 24cm | |
| 丛书名: | ||
| 单 册: | ||
| 中图分类: | G632.421 , G633.83 | |
| 科图分类: | ||
| 主题词: | 实验教学法--教学研究--中小学 , 中学化学课--实验--教学研究--初中 | |
| 电子资源: | ||
| ISBN: | 978-7-5191-3915-5 | |
| 000 | 01109nam0 2200277 450 | |
| 001 | 0100084551 | |
| 005 | 20250616171926.7 | |
| 010 | @a978-7-5191-3915-5@dCNY52.00 | |
| 100 | @a20241129d2024 em y0chiy50 ea | |
| 101 | 0 | @achi |
| 102 | @aCN@b110000 | |
| 105 | @aa z 000yy | |
| 106 | @ar | |
| 200 | 1 | @a中小学实验教学指导与创新案例@9zhong xiao xue shi yan jiao xue zhi dao yu chuang xin an li@i初中化学@f中国教育装备行业协会编 |
| 210 | @a北京@c教育科学出版社@d2024 | |
| 215 | @a259页@c图@d24cm | |
| 330 | @a本书分为化学实验教学设计理论指导与原则、实验教学创新案例、结语三个部分,涵盖了化学实验教学设计的理论指导、化学实验教学设计的原则、化学实验教学设计的策略与思路等内容。 | |
| 606 | 0 | @a实验教学法@x教学研究@x中小学 |
| 606 | 0 | @a中学化学课@x实验@x教学研究@x初中 |
| 690 | @aG632.421@v5 | |
| 690 | @aG633.83@v5 | |
| 701 | 0 | @a李伏刚@9li fu gang@4主编 |
| 701 | 0 | @a李孟@9li meng@4主编 |
| 712 | 02 | @a中国教育装备行业协会@9zhong guo jiao yu zhuang bei hang ye xie hui@4编 |
| 801 | 0 | @aCN@b人天书店@c20250616 |
| 905 | @b1624892-6@b216248932@b216248941@b216248950@b216248969@dG632.421@e3002@f5 | |
| 中小学实验教学指导与创新案例.初中化学/中国教育装备行业协会编.-北京:教育科学出版社,2024 |
| 259页:图;24cm |
| ISBN 978-7-5191-3915-5:CNY52.00 |
| 本书分为化学实验教学设计理论指导与原则、实验教学创新案例、结语三个部分,涵盖了化学实验教学设计的理论指导、化学实验教学设计的原则、化学实验教学设计的策略与思路等内容。 |
| ● |
| 相关链接 |
|
|
|
|
正题名:中小学实验教学指导与创新案例
索取号:G632.421/3002
 
预约/预借
| 序号 | 登录号 | 条形码 | 馆藏地/架位号 | 状态 | 备注 |
| 1 | 1624892 | 216248923 | 第一样本阅览室/ [索取号:G632.421/3002] | 在馆 | |
| 2 | 1624893 | 216248932 | 第四借阅区/ [索取号:G632.421/3002] | 在馆 | |
| 3 | 1624894 | 216248941 | 第四借阅区/ [索取号:G632.421/3002] | 在馆 | |
| 4 | 1624895 | 216248950 | 第四借阅区/ [索取号:G632.421/3002] | 在馆 | |
| 5 | 1624896 | 216248969 | 第四借阅区/ [索取号:G632.421/3002] | 在馆 |